=LDR 00000nam 2200000 4500 =001 INLIS000000000019360 =005 20130612114429 =008 ***********************************Ind** =035 ##$$a0010-061300000019360 =041 ##$$a Ind =082 ##$$a 410.04 =090 ##$$a 410.04, Dar e =100 ##$$a Darjowijoyo, Sunyono =245 ##$$a Echa, kisah perolehan bahasa anak Indonesia, Soenjono Dardjo Widjojo =260 ##$$a 2000 $b Jakarta =300 ##$$a xxiv, 342 hlm, 23 cm =650 ##$$a Bahasa Anak Indonersia =850 ##$$a NBPNMAT =990 ##$$a 92201/BPAP-NTB/2014